| 000 | 00820cam a2200181 4500 | ||
|---|---|---|---|
| 001 | X10356 | ||
| 008 | 000000n2000 000 0 eng u | ||
| 035 | _a(Sirsi) u103561 | ||
| 245 | _aR v St Edmundsbury BC ex parte Walton | ||
| 260 | _c2000 | ||
| 490 |
_aJournal of Planning and Environment Law _v[1999] JPL 805 |
||
| 520 | _aQBD 13 April 1999. Planning application for a 'new road'. Whether environmental assessment required. Decision not to require EA taken by planning officer. Whether formal delegation of power necessary. Whether decision "Wednesbury" unreasonable. Taken from journal headnote. | ||
| 650 | _aR V ST EDMUNDSBURY BC EX P WALTON | ||
| 650 | _aENVIRONMENTAL ASSESSMENTS | ||
| 650 | _aWEDNESBURY PRINCIPLES | ||
| 690 | _aENVIRONMENTAL AND LAND CONSULTANCY-PLANNING AND DEVELOPMENT | ||
| 942 | _n0 | ||
| 999 |
_c62205 _d62205 |
||